Las políticas de el salto social : (Registro nro. 3962)

Detalles MARC
000 -LEADER
fixed length control field 01029nam a2200217Ia 4500
003 - CONTROL NUMBER IDENTIFIER
control field OSt
005 - DATE AND TIME OF LATEST TRANSACTION
control field 20200722220748.0
008 - FIXED-LENGTH DATA ELEMENTS--GENERAL INFORMATION
fixed length control field 191128s1995 ck adb fr 000 0 spa d
020 ## - INTERNATIONAL STANDARD BOOK NUMBER
International Standard Book Number 9589604730
040 ## - CATALOGING SOURCE
Original cataloging agency CO-JMCR
Transcribing agency CO-JMCR
041 0# - LANGUAGE CODE
Language code of text/sound track or separate title spa
082 04 - DEWEY DECIMAL CLASSIFICATION NUMBER
Classification number 338.9861 /
Item number C718p
Edition number 23
110 1# - MAIN ENTRY--CORPORATE NAME
Corporate name or jurisdiction name as entry element Colombia.
Subordinate unit Departamento Nacional de Planeación
9 (RLIN) 4087
245 14 - TITLE STATEMENT
Title Las políticas de el salto social :
Remainder of title documentos Conpes Julio de 1995- Diciembre de 1996 /
Statement of responsibility, etc. Departamento Nacional de Planeación
260 ## - PUBLICATION, DISTRIBUTION, ETC.
Place of publication, distribution, etc. Bogotá :
Name of publisher, distributor, etc. Departamento Nacional de Planeación,
Date of publication, distribution, etc. [1995]
300 ## - PHYSICAL DESCRIPTION
Extent 422 páginas :
Other physical details gráficos y mapas a blanco y negro,
Dimensions 25 cm.
505 0# - FORMATTED CONTENTS NOTE
Formatted contents note El tiempo de la gente -- Plan nacional de alimentación y nutrición 1996-2005 -- Ciudades y ciudadanía. La política urbana del salto social -- Programa nacional de atención integral a la población desplazada por la violencia
650 14 - SUBJECT ADDED ENTRY--TOPICAL TERM
Topical term or geographic name entry element Planes de desarrollo
General subdivision evaluación
Geographic subdivision Colombia
9 (RLIN) 7668
651 #4 - SUBJECT ADDED ENTRY--GEOGRAPHIC NAME
Geographic name Colombia
General subdivision política económica
9 (RLIN) 6872
942 ## - ADDED ENTRY ELEMENTS (KOHA)
Source of classification or shelving scheme Dewey Decimal Classification
Koha item type Books
Existencias
Withdrawn status Lost status Source of classification or shelving scheme Damaged status Not for loan Collection code Home library Current library Date acquired Source of acquisition Total Checkouts Full call number Barcode Date last seen Date last checked out Copy number Koha item type Shelving location Price effective from
    Dewey Decimal Classification     Non-fiction Biblioteca Pública José María del Castillo y Rada Biblioteca Pública José María del Castillo y Rada 04/15/2018 Donación 1 338.9861 / C718p 201808766 11/19/2025 11/19/2025 V.3 / Ej.1 Books    
    Dewey Decimal Classification     Non-fiction Biblioteca Pública José María del Castillo y Rada Biblioteca Pública José María del Castillo y Rada 11/18/2025     338.9861 / C718p1 201812623 11/18/2025   V.1 / Ej.1 Books Book Cart 11/18/2025
    Dewey Decimal Classification     Non-fiction Biblioteca Pública José María del Castillo y Rada Biblioteca Pública José María del Castillo y Rada 11/18/2025     338.9861 / C718p2 201812622 11/18/2025   V.2 / Ej.1 Books Book Cart 11/18/2025